General Knowledge #1 - Statistics

General Stats
  • This quiz has been taken 32 times
  • The average score is 9 of 20
Answer Stats
Hint Answer % Correct
Coca-Cola's biggest rival Pepsi
97%
"How it feels to chew __ gum" 5
93%
Number of stars on the American flag 50
90%
How many strings does the typical guitar have 6
87%
European term for 'soccer' Football
87%
Amphibian known for jumping Frog
83%
What year did the U.S. declare independence 1776
77%
Insects that sting and make nests out of paper Wasp
70%
General that died at the Battle of Little Bighorn George Custer
40%
First mass-produced car made by ford Model T
40%
500 mile race in Indiana Indy 500
33%
United States region that includes Washington and Oregon Pacific Northwest
33%
European Open-Wheel Racing series Formula One
23%
Nintendo's first game console NES
23%
Country Singer that died in the backseat of his car on new years day, 1953 Hank Williams
13%
Best cow for milk production Holstein
10%
Camps formed during the Great Depression Hooverville
10%
Chevrolet car named after fish Corvette Stingray
3%
Fish Hook with three points Treble Hook
3%
Kershaw, Benchmade, and Spyderco all make what? Knives
0%
No matching quizzes found
Score Distribution
Percent of People with Each Score
Percentile by Number Answered
Your Score History
You have not taken this quiz